Raza, pobreza y exclusión social en Brasil
A partir de un detallado análisis de los fenómenos de adscripción e identificación racial, se analizan los mecanismos de discriminación racial en la sociedad brasilera, desde acceso a servicios, participación en los mercados de trabajo, patrones de asentamiento, a prácticas de matrimonio interracial...
Guardado en:
| Hovedforfatter: | |
|---|---|
| Format: | Texto |
| Udgivet: |
San José:
FLACSO. Programa Costa Rica
|
| Fag: | |
| Tags: |
Tilføj Tag
Ingen Tags, Vær først til at tagge denne postø!
|
MARC
| LEADER | 00000 a a2200000 04500 | ||
|---|---|---|---|
| 001 | 45595 | ||
| 003 | |||
| 040 | |a CRAI/IIS |c CRAI/IIS | ||
| 020 | |a 9977-68-110-4 | ||
| 090 | |a 05.03.03 G121e | ||
| 100 | |a Valle Silva, Nelson do | ||
| 245 | |a Raza, pobreza y exclusión social en Brasil | ||
| 260 | |a San José: |b FLACSO. Programa Costa Rica | ||
| 520 | |a A partir de un detallado análisis de los fenómenos de adscripción e identificación racial, se analizan los mecanismos de discriminación racial en la sociedad brasilera, desde acceso a servicios, participación en los mercados de trabajo, patrones de asentamiento, a prácticas de matrimonio interracial. | ||
| 590 | |a RRH/FEBRERO2014 | ||
| 650 | |a POBREZA | ||
| 650 | |a DISCRIMINACION RACIAL | ||
| 650 | |a RELACIONES RACIALES | ||
| 650 | |a SEGREGACION RACIAL | ||
| 650 | |a DESIGUALDAD SOCIAL | ||
| 650 | |a EXCLUSION SOCIAL | ||
| 650 | |a MARGINALIDAD | ||
| 650 | |a MOVILIDAD SOCIAL | ||
| 773 | |g páginas 151-187 | ||
| 999 | |c 18287 |d 18287 | ||



